Captain Mahjong / (Record no. 2742)

MARC details
000 -LEADER
fixed length control field 00812cam a2200265Ii 4500
001 - CONTROL NUMBER
control field 10531065
003 - CONTROL NUMBER IDENTIFIER
control field GBCCL
005 - DATE AND TIME OF LATEST TRANSACTION
control field 20241126110438.0
008 - FIXED-LENGTH DATA ELEMENTS--GENERAL INFORMATION
fixed length control field 790320s1976 enka 000 1 eng d
035 ## - SYSTEM CONTROL NUMBER
System control number (OCoLC)ocn830081557
035 ## - SYSTEM CONTROL NUMBER
System control number 10531065
040 ## - CATALOGING SOURCE
Original cataloging agency EYM
Language of cataloging eng
Transcribing agency EYM
Modifying agency OCL
-- OCLCQ
-- CtY-D
043 ## -
-- a-ph---
050 #4 -
-- BV2087
-- .H6 1976
082 04 - DEWEY DECIMAL CLASSIFICATION NUMBER
Classification number 828
Item number HOL
100 1# - MAIN ENTRY--PERSONAL NAME
Personal name Holder, Philip.
9 (RLIN) 5796
245 10 - TITLE STATEMENT
Title Captain Mahjong /
Statement of responsibility, etc. Philip Holder.
260 ## - PUBLICATION, DISTRIBUTION, ETC.
Place of publication, distribution, etc. London :
Name of publisher, distributor, etc. OMF Books,
Date of publication, distribution, etc. 1976.
300 ## - PHYSICAL DESCRIPTION
Extent 157 p. :
Other physical details ill. ;
Dimensions 19 cm.
530 ## -
-- Also issued online.
610 20 - SUBJECT ADDED ENTRY--CORPORATE NAME
Corporate name or jurisdiction name as entry element Overseas Missionary Fellowship.
9 (RLIN) 5797
650 #0 - SUBJECT ADDED ENTRY--TOPICAL TERM
Topical term or geographic name entry element Protestants
Geographic subdivision Philippines.
9 (RLIN) 5798
776 08 - ADDITIONAL PHYSICAL FORM ENTRY
Relationship information Online version:
Main entry heading Holder, Philip.
Title Captain Mahjong.
Place, publisher, and date of publication London : OMF Books, 1976
Record control number (OCoLC)562129036
942 ## - ADDED ENTRY ELEMENTS (KOHA)
Source of classification or shelving scheme Dewey Decimal Classification
Koha item type Books
Holdings
Withdrawn status Lost status Source of classification or shelving scheme Damaged status Not for loan Home library Current Library Shelving location Date acquired Total checkouts Full call number Barcode Date last seen Copy number Price effective from Koha item type
    Dewey Decimal Classification     GRACE BIBLE COLLEGE GRACE BIBLE COLLEGE General Studies 2017-09-14   828 HOL 002416 2025-05-01 c.1 2017-09-14 Books
    Dewey Decimal Classification     GRACE BIBLE COLLEGE GRACE BIBLE COLLEGE General Studies 2017-10-10   828 HOL 002417 2025-05-01 c.2 2017-10-10 Books
    Dewey Decimal Classification     GRACE BIBLE COLLEGE GRACE BIBLE COLLEGE General Studies 2017-10-10   828 HOL 002419 2025-05-01 c.3 2017-10-10 Books
© Grace Bible College Library 2025